La esclavitud en la sociedad romana antigua.

Salvato in:
Dettagli Bibliografici
Autore principale: Rubiera Cancelas, Carla (autora)
Natura: Sconosciuto
Pubblicazione: Madrid, España: Guilermo Escolar, 2019.
Edizione:1ª edición.
Serie:Análisis y Crítica
Soggetti:
Tags: Aggiungi Tag
Nessun Tag, puoi essere il primo ad aggiungerne!!

MARC

LEADER 00000 a2200000 4500
003 CL-VaPUC
005 20230316095513.0
008 230313t2019 ||||| |||| 00| 0 eng d
999 |c 440115  |d 440113 
020 |a 978-84-18093-03-6 
040 |c Pontificia Universidad Católica de Valparaíso 
082 |2 22  |a 306.362 RUB 2019 
100 |a Rubiera Cancelas, Carla  |9 880514  |e autora 
245 |a La esclavitud en la sociedad romana antigua. 
250 |a 1ª edición. 
260 |a Madrid, España:  |b Guilermo Escolar,   |c 2019. 
300 |a 158 páginas. 
490 |a Análisis y Crítica 
583 |k GC  |c 20230313 
650 0 |9 323605  |a Esclavitud  |x Aspectos sociales   |z Antigua Roma (Roma Antigua) 
650 0 |9 258558  |a Esclavos  |x Mujeres y niños   |x Actividades cotidianas   |z Antigua Roma (Roma Antigua) 
650 0 |9 880618  |a Niños esclavos   |x Trabajo infantil   |z Antigua Roma (Roma Antigua)  
942 |2 ddc  |c BK 
952 |0 0  |1 0  |2 ddc  |4 0  |6 306_362000000000000_RUB_2019  |7 0  |8 A  |9 588975  |a BIBHIS  |b BIBHIS  |d 2023-03-10  |e 52  |g 14275.37  |i 5656620  |l 3  |m 2  |o 306.362 RUB 2019  |p 5656620  |r 2025-01-20  |s 2024-11-04  |t 1  |v 14275.37  |w 2023-03-10  |y BK  |k HIS